[Event "BCF-ch U12 rapid"]
[Site "Hull"]
[Date "2024.07.27"]
[Round "9"]
[White "Keerthi Kumar, Advait"]
[Black "Beattie, Kai"]
[Result "1-0"]
[WhiteElo "1829"]
[BlackElo "1619"]
[PlyCount "63"]
[EventDate "2024.07.26"]
[EventType "swiss (rapid)"]
[EventRounds "9"]
[EventCountry "ENG"]
[SourceTitle "CB31_2024"]
[SourceDate "2024.07.31"]
[SourceVersion "1"]
[SourceVersionDate "2024.07.31"]
[SourceQuality "1"]

1. e4 a6 2. d4 c6 3. f4 d5 4. e5 h5 5. Bd3 Bg4 6. Ne2 e6 7. h3 Bxe2 8. Qxe2 Nd7 9. Be3 c5 10. c3 Qb6 11. Qc2 Ne7 12. Nd2 Nc6 13. Nf3 Be7 14. 0-0 cxd4 15. Nxd4 Bc5 16. Qf2 Rc8 17. Rfe1 0-0 18. a3 g6 19. b4 Bxd4 20. cxd4 Qd8 21. g4 hxg4 22. hxg4 Kg7 23. Kg2 Rh8 24. Rh1 b5 25. f5 Ncxe5 26. dxe5 Nxe5 27. Rxh8 Kxh8 28. Bd4 Qd6 29. Rh1+ Kg7 30. f6+ Kg8 31. Qh4 Nxd3 32. Qh8# 1-0

[Event "BCF-ch U12 rapid"]
[Site "Hull"]
[Date "2024.07.27"]
[Round "7"]
[White "Kendall, Arthur"]
[Black "Keerthi Kumar, Advait"]
[Result "0-1"]
[WhiteElo "1672"]
[BlackElo "1829"]
[PlyCount "62"]
[EventDate "2024.07.26"]
[EventType "swiss (rapid)"]
[EventRounds "9"]
[EventCountry "ENG"]
[SourceTitle "CB31_2024"]
[SourceDate "2024.07.31"]
[SourceVersion "1"]
[SourceVersionDate "2024.07.31"]
[SourceQuality "1"]

1. d4 Nf6 2. c4 g6 3. h4 Bg7 4. Nc3 b6 5. e4 d6 6. Be2 Bb7 7. d5 Nbd7 8. h5 Nc5 9. h6 Bf8 10. Qc2 e5 11. b4 Ncd7 12. g4 a5 13. g5 axb4 14. Nb5 Ng8 15. Bb2 Ba6 16. f4 Bxb5 17. cxb5 f6 18. Nh3 Nc5 19. Bf3 Be7 20. Rg1 Qd7 21. f5 fxg5 22. Nxg5 Nxh6 23. Ne6 Bh4+ 24. Kd1 Nxe6 25. dxe6 Qxb5 26. Be2 Qc5 27. Qxc5 bxc5 28. fxg6 Bf6 29. Kc2 hxg6 30. Rxg6 Ke7 31. Rf1 Raf8 0-1

[Event "BCF-ch U12 rapid"]
[Site "Hull"]
[Date "2024.07.26"]
[Round "5"]
[White "Misra, Anay"]
[Black "Keerthi Kumar, Advait"]
[Result "0-1"]
[WhiteElo "1579"]
[BlackElo "1829"]
[PlyCount "106"]
[EventDate "2024.07.26"]
[EventType "swiss (rapid)"]
[EventRounds "9"]
[EventCountry "ENG"]
[SourceTitle "CB31_2024"]
[SourceDate "2024.07.31"]
[SourceVersion "1"]
[SourceVersionDate "2024.07.31"]
[SourceQuality "1"]

1. e4 c5 2. a3 Nf6 3. Nc3 g6 4. Nf3 Bg7 5. d3 d6 6. Be3 0-0 7. Be2 Nc6 8. 0-0 Re8 9. Re1 e6 10. d4 cxd4 11. Nxd4 d5 12. Nxc6 bxc6 13. exd5 cxd5 14. Bb5 Bd7 15. Bxd7 Qxd7 16. Bf4 Qb7 17. Rb1 Nd7 18. Bd2 e5 19. Qf3 e4 20. Qd1 f5 21. Bf4 d4 22. Na2 Nc5 23. b4 Na4 24. c4 Qd7 25. b5 Nc5 26. Nb4 Kh8 27. Bd2 Rac8 28. Nd5 Nd3 29. Rf1 Rxc4 30. b6 Qxd5 31. b7 Rb8 32. Qb3 Nc5 33. Qa2 Rxb7 34. Rbc1 Nb3 35. Rc2 Rxc2 36. Qxc2 Nxd2 37. Qc8+ Qg8 38. Qxb7 Nxf1 39. Kxf1 d3 40. Ke1 Bc3+ 41. Kd1 f4 42. a4 e3 43. fxe3 fxe3 44. Qb1 e2+ 45. Kc1 d2+ 46. Kc2 d1Q+ 47. Qxd1 exd1Q+ 48. Kxd1 Qb3+ 49. Ke2 Qc4+ 50. Kf3 Qd3+ 51. Kg4 Qe4+ 52. Kg3 Be1+ 53. Kh3 Qh4# 0-1

[Event "BCF-ch U12 blitz"]
[Site "Hull"]
[Date "2024.07.25"]
[Round "5"]
[White "Keerthi Kumar, Advait"]
[Black "Sui, Yueyue"]
[Result "1-0"]
[WhiteElo "1846"]
[BlackElo "1590"]
[PlyCount "85"]
[EventDate "2024.07.25"]
[EventType "swiss (blitz)"]
[EventRounds "9"]
[EventCountry "ENG"]
[SourceTitle "CB31_2024"]
[SourceDate "2024.07.31"]
[SourceVersion "1"]
[SourceVersionDate "2024.07.31"]
[SourceQuality "1"]

1. e4 e6 2. d4 d5 3. exd5 exd5 4. c3 Nf6 5. Bd3 Bd6 6. Be3 Ng4 7. Nd2 Nxe3 8. fxe3 0-0 9. Ngf3 Bg4 10. Qe2 h6 11. 0-0-0 Nc6 12. h3 Be6 13. g4 Qf6 14. Rdf1 Qe7 15. Rfg1 f5 16. g5 hxg5 17. Nxg5 Qf6 18. Qh5 Rfd8 19. Qh7+ Kf8 20. Nxe6+ Qxe6 21. Qxg7+ Ke8 22. Rg6 Qf7 23. Qh6 Bf8 24. Qh5 Ne7 25. Rg5 Qxh5 26. Rxh5 Rd6 27. Bxf5 Rf6 28. Bd3 Kd7 29. e4 c6 30. h4 Bg7 31. Rg1 Bh6 32. Rg2 Raf8 33. e5 Bxd2+ 34. Rxd2 Rf3 35. Rh7 Ke6 36. h5 Nf5 37. Bxf5+ R3xf5 38. Rxb7 Rxh5 39. Rxa7 Rh1+ 40. Kc2 Rb8 41. Rg2 Re1 42. Rf2 Rh1 43. Rf6# 1-0

[Event "BCF-ch U12 blitz"]
[Site "Hull"]
[Date "2024.07.25"]
[Round "9"]
[White "Keerthi Kumar, Advait"]
[Black "Vaidyanathan, Adithya"]
[Result "1/2-1/2"]
[WhiteElo "1846"]
[BlackElo "1695"]
[PlyCount "122"]
[EventDate "2024.07.25"]
[EventType "swiss (blitz)"]
[EventRounds "9"]
[EventCountry "ENG"]
[SourceTitle "CB31_2024"]
[SourceDate "2024.07.31"]
[SourceVersion "1"]
[SourceVersionDate "2024.07.31"]
[SourceQuality "1"]

1. e4 c5 2. Nf3 Nc6 3. d4 cxd4 4. Nxd4 g6 5. Be3 Bg7 6. Nc3 Nf6 7. f3 0-0 8. Qd2 d5 9. exd5 Nxd5 10. Nxc6 bxc6 11. Nxd5 cxd5 12. c3 e6 13. Be2 a5 14. 0-0 Ba6 15. Bxa6 Rxa6 16. Bh6 Bxh6 17. Qxh6 Qb6+ 18. Kh1 Qxb2 19. Qe3 Rc6 20. Rfc1 Rfc8 21. Rab1 Rxc3 22. Rxb2 Rxc1+ 23. Qg1 Rxg1+ 24. Kxg1 Rc5 25. a4 Rc4 26. Ra2 Kf8 27. Kf2 Ke7 28. Ke3 Kd6 29. Kd3 Kc5 30. Rb2 Rxa4 31. Rb7 Ra3+ 32. Ke2 f5 33. Rxh7 Kd4 34. Rh4+ Kc5 35. Rh6 a4 36. Rxg6 Ra2+ 37. Kf1 a3 38. Rxe6 Ra1+ 39. Kf2 a2 40. Ra6 d4 41. h4 d3 42. Ke3 Kc4 43. Ra4+ Kb3 44. Ra8 Re1+ 45. Kxd3 a1Q 46. Rxa1 Rxa1 47. Ke3 Ra4 48. g3 Kc3 49. h5 f4+ 50. gxf4 Ra5 51. Ke4 Rxh5 52. f5 Kc4 53. f4 Kc5 54. Ke5 Rh8 55. Ke6 Re8+ 56. Kd7 Rf8 57. Ke6 Kc6 58. f6 Re8+ 59. Kf7 Kd7 60. Kg7 Ra8 61. f5 Ra5 1/2-1/2

[Event "British Rapidplay"]
[Site "Peterborough"]
[Date "2024.03.03"]
[Round "10"]
[White "Moreby, James"]
[Black "Keerthi Kumar, Advait"]
[Result "1-0"]
[WhiteElo "2260"]
[BlackElo "1794"]
[PlyCount "69"]
[EventDate "2024.03.02"]
[EventType "swiss (rapid)"]
[EventRounds "11"]
[EventCountry "ENG"]
[SourceTitle "CB10_2024"]
[SourceDate "2024.03.06"]
[SourceVersion "1"]
[SourceVersionDate "2024.03.06"]
[SourceQuality "1"]

1. c4 Nf6 2. Nc3 g6 3. e4 d6 4. d4 Bg7 5. Be2 0-0 6. Be3 Nc6 7. d5 Ne5 8. f4 Ned7 9. Nf3 e5 10. dxe6 fxe6 11. 0-0 b6 12. Nd4 Nc5 13. Bf3 Qe7 14. e5 Bb7 15. exf6 Qxf6 16. Bxb7 Nxb7 17. Nc6 a5 18. Bd4 Qf7 19. Bxg7 Qxg7 20. Qd4 Qd7 21. Ne5 Qg7 22. Nf3 Qh6 23. Ng5 Nc5 24. Nce4 Nxe4 25. Qxe4 e5 26. Qd5+ Kg7 27. Ne6+ Kh8 28. Nxf8 Rxf8 29. fxe5 Qe3+ 30. Kh1 Rd8 31. Rae1 Qh6 32. e6 Qg7 33. e7 Re8 34. Qc6 Qg8 35. Qxe8 1-0

[Event "British Rapidplay"]
[Site "Peterborough"]
[Date "2024.03.02"]
[Round "2"]
[White "Lalic, Susan"]
[Black "Keerthi Kumar, Advait"]
[Result "1-0"]
[WhiteElo "2237"]
[BlackElo "1794"]
[PlyCount "85"]
[EventDate "2024.03.02"]
[EventType "swiss (rapid)"]
[EventRounds "11"]
[EventCountry "ENG"]
[SourceTitle "CB10_2024"]
[SourceDate "2024.03.06"]
[SourceVersion "1"]
[SourceVersionDate "2024.03.06"]
[SourceQuality "1"]

1. e4 c5 2. Nf3 Nc6 3. Bb5 g6 4. 0-0 Bg7 5. Re1 a6 6. Bxc6 bxc6 7. c3 Nf6 8. d3 0-0 9. Be3 c4 10. e5 Ng4 11. dxc4 Nxe5 12. Nxe5 Bxe5 13. Bd4 Bg7 14. Bxg7 Kxg7 15. Qd4+ Kg8 16. Nd2 d6 17. Qh4 e5 18. Qh6 Bf5 19. Nf3 Qf6 20. c5 d5 21. Rxe5 Rfe8 22. Rae1 Be4 23. Rxe8+ Rxe8 24. Ng5 Qg7 25. Qxg7+ Kxg7 26. f3 f6 27. Nh3 f5 28. fxe4 fxe4 29. Kf2 Rb8 30. b4 a5 31. a3 h6 32. Ke3 g5 33. Rf1 Ra8 34. Kd4 axb4 35. axb4 Re8 36. b5 cxb5 37. Kxd5 e3 38. c6 e2 39. Re1 Kf6 40. c7 g4 41. Ng1 h5 42. Rxe2 Rc8 43. Ke4 1-0

[Event "Wch U10 rapid"]
[Site "Batumi"]
[Date "2023.06.08"]
[Round "11"]
[White "Keerthi Kumar, Advait"]
[Black "Kakavand, Ramtin1111"]
[Result "0-1"]
[WhiteElo "1656"]
[BlackElo "1851"]
[PlyCount "84"]
[EventDate "2023.06.06"]
[EventType "swiss (rapid)"]
[EventRounds "11"]
[EventCountry "GEO"]
[SourceTitle "EXT 2024"]
[Source "ChessBase"]
[SourceDate "2023.10.10"]
[SourceVersion "1"]
[SourceVersionDate "2023.10.10"]
[SourceQuality "1"]
[WhiteTeam "England"]
[BlackTeam "Iran"]
[WhiteTeamCountry "ENG"]
[BlackTeamCountry "IRI"]

1. e4 e5 2. Nf3 Nc6 3. Bc4 Bc5 4. 0-0 Nf6 5. d3 d6 6. h3 0-0 7. Bg5 h6 8. Be3 Bb6 9. Nbd2 Na5 10. Bb3 Nxb3 11. axb3 c6 12. Nc4 Bc7 13. Re1 Re8 14. Bd2 Be6 15. Bc3 b5 16. Ncd2 a5 17. Nf1 b4 18. Bd2 d5 19. exd5 Bxd5 20. Ng3 e4 21. dxe4 Nxe4 22. Nxe4 Bxe4 23. Be3 Qxd1 24. Raxd1 Bxc2 25. Rc1 Be4 26. Nd4 Rac8 27. Kh1 Bb6 28. Nxc6 Rxc6 29. Rxc6 Bxc6 30. Rc1 Bxe3 31. Rxc6 Bxf2 32. g4 Re2 33. Ra6 Rxb2 34. Rxa5 Rxb3 35. Kg2 Bd4 36. Ra8+ Kh7 37. h4 Rb2+ 38. Kf3 b3 39. g5 Rf2+ 40. Ke4 b2 41. Rb8 Rf1 42. Kxd4 b1Q 0-1

[Event "BCF-chT3E 2223 (4NCL)"]
[Site "England"]
[Date "2023.05.01"]
[Round "11.56"]
[White "McMahon, Paul"]
[Black "Keerthi Kumar, Advait"]
[Result "1-0"]
[WhiteElo "1965"]
[BlackElo "1640"]
[PlyCount "87"]
[EventDate "2022.11.05"]
[EventType "team-tourn"]
[EventRounds "11"]
[EventCountry "ENG"]
[SourceTitle "EXT 2024"]
[Source "ChessBase"]
[SourceDate "2023.10.10"]
[SourceVersion "1"]
[SourceVersionDate "2023.10.10"]
[SourceQuality "1"]
[WhiteTeam "Poisoned Pawns"]
[BlackTeam "Watford"]
[WhiteTeamCountry "ENG"]
[BlackTeamCountry "ENG"]

1. e4 c5 2. Nf3 Nc6 3. c3 Nf6 4. e5 Nd5 5. Bc4 Nb6 6. Bb3 c4 7. Bc2 g6 8. d4 cxd3 9. Bxd3 Bg7 10. Bf4 0-0 11. 0-0 Nd5 12. Bg3 b6 13. Bxg6 hxg6 14. Qxd5 Na5 15. Qxa8 Nc6 16. Nd4 Qc7 17. Nb5 Qd8 18. Nxa7 Qc7 19. Nb5 Qd8 20. Qa4 Bb7 21. Re1 Ba8 22. Nd2 Qc8 23. Nf3 Qb7 24. Qe4 Qc8 25. Qe3 Qb7 26. Re2 Kh7 27. Rd1 Bh6 28. Bf4 Bg7 29. Ng5+ Kg8 30. Qh3 Re8 31. Nd4 Nxd4 32. cxd4 Qd5 33. Nf3 Qc4 34. Red2 Bd5 35. Qxd7 Bc6 36. Qa7 Ra8 37. Qxb6 Bxf3 38. gxf3 Qd5 39. Qb3 Qd7 40. a3 g5 41. Bxg5 Qf5 42. Qe3 Ra6 43. Qf4 Qh3 44. Qg4 1-0

[Event "ENG-ch U08"]
[Site "Milton Keynes"]
[Date "2021.10.03"]
[Round "5"]
[White "Keerthi Kumar, Advait"]
[Black "Gao, Alex"]
[Result "1-0"]
[WhiteElo "1492"]
[BlackElo "1015"]
[PlyCount "203"]
[EventDate "2021.10.02"]
[EventType "swiss"]
[EventRounds "7"]
[EventCountry "ENG"]
[SourceTitle "EXT 2023"]
[Source "ChessBase"]
[SourceDate "2022.10.05"]
[SourceVersion "1"]
[SourceVersionDate "2022.10.05"]
[SourceQuality "1"]

1. e4 e5 2. Nf3 Nc6 3. Bc4 Nf6 4. d4 exd4 5. 0-0 Nxe4 6. Re1 d5 7. Bxd5 Qxd5 8. Nc3 Qa5 9. Nxe4 Be6 10. Bg5 Bb4 11. Nfd2 h6 12. Nb3 Qf5 13. Bd2 0-0 14. Bxb4 Nxb4 15. Nxd4 Qg6 16. Nxe6 fxe6 17. c3 Rad8 18. Qb3 Nd3 19. Re3 Rf4 20. Ng3 Nc5 21. Qb5 b6 22. Rae1 Rd2 23. f3 Qc2 24. R3e2 Nd3 25. Rxd2 Qxd2 26. Rf1 Qe3+ 27. Kh1 Nf2+ 28. Rxf2 Qxf2 29. Qe8+ Kh7 30. Qxe6 Rf6 31. Qe4+ Kg8 32. Qe8+ Rf8 33. Qe6+ Kh8 34. Qe7 Qc5 35. Qe2 Qd6 36. Qe1 Rd8 37. Nf1 Qd1 38. Qf2 Re8 39. h3 Re1 40. Kg1 Re2 41. Qg3 Qe1 42. Qg4 Qf2+ 43. Kh2 Re8 44. Ng3 Qxb2 45. Qd4 Qb5 46. c4 Qe5 47. Qg4 h5 48. Qh4 Re6 49. f4 Qc5 50. Nxh5 Rh6 51. Qd8+ Kh7 52. Qd3+ Kg8 53. Qd8+ Qf8 54. Qd5+ Qf7 55. Qd8+ Kh7 56. Ng3 Qxf4 57. Qd3+ Kg8 58. Qd8+ Qf8 59. Qd5+ Kh8 60. Qe5 Qf6 61. Qxc7 Kh7 62. c5 bxc5 63. Qxc5 Qb6 64. Qf5+ Qg6 65. Qc5 a6 66. a4 Rh4 67. a5 Rh6 68. Qe5 Qd6 69. Qf5+ Qg6 70. Qe5 Rh4 71. Qc7 Rb4 72. Qe5 Rb3 73. Qf4 Rb5 74. Qa4 Rg5 75. Qa3 Kh6 76. Qf8 Rxg3 77. Qh8+ Kg5 78. Kxg3 Kf5+ 79. Kf2 Qc6 80. Qh5+ Ke6 81. Qg6+ Kd5 82. Qxc6+ Kxc6 83. g4 Kb5 84. h4 Kxa5 85. h5 Kb4 86. g5 a5 87. h6 gxh6 88. gxh6 Kb3 89. h7 a4 90. h8Q a3 91. Qa1 a2 92. Ke2 Ka3 93. Kd3 Kb3 94. Kd2 Ka3 95. Kc3 Ka4 96. Qxa2+ Kb5 97. Qc4+ Kb6 98. Kb4 Ka7 99. Qb5 Ka8 100. Kc5 Ka7 101. Kc6 Ka8 102. Qb7# 1-0

[Event "ENG-ch U08"]
[Site "Milton Keynes"]
[Date "2021.10.03"]
[Round "6"]
[White "Verbytski, Oleg"]
[Black "Keerthi Kumar, Advait"]
[Result "1-0"]
[WhiteElo "1368"]
[BlackElo "1492"]
[PlyCount "75"]
[EventDate "2021.10.02"]
[EventType "swiss"]
[EventRounds "7"]
[EventCountry "ENG"]
[SourceTitle "EXT 2023"]
[Source "ChessBase"]
[SourceDate "2022.10.05"]
[SourceVersion "1"]
[SourceVersionDate "2022.10.05"]
[SourceQuality "1"]

1. e4 c5 2. b4 cxb4 3. a3 bxa3 4. Nf3 g6 5. d4 Bg7 6. Nxa3 d6 7. Nc4 Nf6 8. Bd3 0-0 9. Be3 Bg4 10. h3 Bd7 11. g4 d5 12. Ncd2 dxe4 13. Nxe4 Bc6 14. Ng3 Qd5 15. Be2 Ne4 16. c4 Qd8 17. Nxe4 Bxe4 18. 0-0 Nc6 19. Nd2 f5 20. f3 Bxd4 21. Qb3 Bxe3+ 22. Qxe3 Qd4 23. Kf2 Qe5 24. fxe4 fxe4+ 25. Kg2 Rad8 26. Nxe4 Nd4 27. Bd3 Nb3 28. Rab1 Na5 29. Rb5 Qc7 30. Rxf8+ Rxf8 31. Ng5 a6 32. Rc5 Qb6 33. Ne6 Nb3 34. Qe5 Kf7 35. Qg7+ Kxe6 36. Re5+ Kd6 37. Qxe7+ Kc6 38. Re6# 1-0